[Event "Big Slow Tourney for Lazy or Busy People.  "]
[Site "SchemingMind.com"]
[Date "2019.07.29"]
[Round "-"]
[White "bull mccabe"]
[Black "The Stonewall"]
[Result "0-1"]
[WhiteCountry "IRL"]
[BlackCountry "ENG"]
[WhiteElo "2062"]
[WhiteRD "127"]
[BlackElo "2372"]
[BlackRD "74"]
[GameID "444084"]

1. e4 Nf6 2. e5 Nd5 3. d4 d6 4. Nf3 g6 5. Bc4 Nb6 6. Bb3 Bg7 7. O-O O-O 8. a4 dxe5 9. Nxe5 c5 10. dxc5 Bxe5
11. Qxd8 Rxd8 12. cxb6 axb6 13. Re1 Nc6 14. Nc3 Be6 15. Bxe6 fxe6 16. Be3 Ra6 17. h3 Bf6 18. Kf1 Nb4 19. Re2 Bxc3 20. bxc3 Nd5
21. c4 Nc3 22. Rd2 Rxd2 23. Bxd2 Nxa4 24. Rb1 Kf7 25. Ke2 Kf6 26. f3 Ke5 27. Ke3 Nc5 28. Be1 Kd6 29. Rd1+ Kc7 30. Bh4 Ra4
31. Rd4 e5 32. Bg3 Nd7 33. Rh4 h5 34. Re4 Ra5 35. Kd2 Kd6 36. Re1 Rc5 37. Kd3 b5 38. cxb5 Rxb5 39. Bf2 Ra5 40. Rb1 Kc6
41. Rb3 b6 42. Ke3 Nc5 43. Rb4 b5 44. Kd2 Ra4 45. Kc3 Rxb4 46. Kxb4 Ne6 47. h4 Nf4 48. g4 hxg4 49. fxg4 Nd5+ 50. Kb3 Nf6
51. g5 Ne8 52. c4 bxc4+ 53. Kxc4 Nd6+ 54. Kd3 Kd5 55. Ke3 Nf5+ 56. Kf3 e4+ 57. Kg4 e3 58. Be1 Ng7 59. Kf4 Kd4 60. Kf3 Kd3
61. Bg3 e2 62. Be1 e5 63. Kg2 e4 64. Kf2 Nf5
0-1

[Event "Big Slow Tourney for Lazy or Busy People.  "]
[Site "SchemingMind.com"]
[Date "2019.08.01"]
[Round "-"]
[White "Uzi Mike"]
[Black "The Stonewall"]
[Result "1/2-1/2"]
[WhiteCountry "USA"]
[BlackCountry "ENG"]
[WhiteElo "2322"]
[WhiteRD "89"]
[BlackElo "2384"]
[BlackRD "83"]
[GameID "444085"]

1. e4 c6 2. d4 d5 3. exd5 cxd5 4. Nc3 Nc6 5. Bf4 Bf5 6. Bd3 Bxd3 7. Qxd3 e6 8. Qb5 Qd7 9. Nf3 Bb4 10. O-O Bxc3
11. bxc3 Ne5 12. Qxd7+ Nxd7 13. c4 dxc4 14. d5 Ne7 15. dxe6 fxe6 16. Bd6 Nf5 17. Rfe1 O-O-O 18. Bf4 Nc5 19. Rab1 a6 20. Ng5 Rhe8
21. Nxh7 Nd4 22. Rbc1 e5 23. Bg5 Rd5 24. Be3 Nce6 25. Ng5 Kd7 26. Ne4 Kc6 27. f3 Ra5 28. c3 Nf5 29. Rc2 Nf4 30. Bf2 Rd8
31. Nd2 Nd6 32. Be3 Nd3 33. Rb1 Rd7 34. Rf1 Ra3 35. Bg5 b5 36. Bh4=
1/2-1/2

[Event "Big Slow Tourney for Lazy or Busy People.  "]
[Site "SchemingMind.com"]
[Date "2019.08.01"]
[Round "-"]
[White "The Stonewall"]
[Black "Olli Ylönen"]
[Result "1-0"]
[WhiteCountry "ENG"]
[BlackCountry "FIN"]
[WhiteElo "2386"]
[WhiteRD "79"]
[BlackElo "1938"]
[BlackRD "82"]
[GameID "444086"]

1. d4 c6 2. c4 d5 3. cxd5 cxd5 4. Nc3 Nf6 5. Bg5 Ne4 6. Nxe4 dxe4 7. a3 Qd5 8. Bh4 Nc6 9. e3 e5 10. Ne2 Qa5+
11. Nc3 exd4 12. exd4 g5 13. Bg3 Bg7 14. b4 Qf5 15. Nb5 O-O 16. Rc1 h5 17. Qxh5 Nxd4 18. Rc5 Qd7 19. h4 Nb3 20. Rc2 a6
21. hxg5 Qf5 22. Nd6 Qg6 23. Qxg6 fxg6 24. Bc4+
1-0

[Event "Big Slow Tourney for Lazy or Busy People.  "]
[Site "SchemingMind.com"]
[Date "2019.07.29"]
[Round "-"]
[White "Helga1946"]
[Black "The Stonewall"]
[Result "0-1"]
[WhiteCountry "GER"]
[BlackCountry "ENG"]
[WhiteElo "1916"]
[WhiteRD "56"]
[BlackElo "2372"]
[BlackRD "74"]
[GameID "444088"]

1. Nc3 d5 2. d4 c6 3. e4 dxe4 4. Nxe4 Bf5 5. Ng3 Bg6 6. Nf3 Nd7 7. Bd3 e6 8. O-O Ngf6 9. Bxg6 hxg6 10. Re1 Bd6
11. Nf1 Qc7 12. h3 O-O-O 13. a4 e5 14. a5 a6 15. Be3 Rhe8 16. dxe5 Bxe5 17. c3 Bf4 18. Ba7 Ne5 19. Nd4 Nc4 20. Rxe8 Rxe8
21. Qb3 Nd6 22. Qa4 g5 23. Rd1 Nde4
0-1

[Event "Big Slow Tourney for Lazy or Busy People.  "]
[Site "SchemingMind.com"]
[Date "2019.08.01"]
[Round "-"]
[White "JAHI"]
[Black "The Stonewall"]
[Result "0-1"]
[WhiteCountry "INT"]
[BlackCountry "ENG"]
[WhiteElo "1904"]
[WhiteRD "69"]
[BlackElo "2368"]
[BlackRD "77"]
[GameID "444089"]

1. c3 Nf6 2. d3 d5 3. Bg5 e5 4. g3 h6 5. Bxf6 Qxf6 6. Bg2 Bc5 7. e3 c6 8. Qe2 O-O 9. h3 b6 10. Nd2 Ba6
11. e4 Bxd3 12. Qxd3= Qxf2+ 13. Kd1 Qxg2 14. Qf3 Qxf3+ 15. Ngxf3 Nd7 16. h4 f5 17. exf5 Rxf5 18. Kc2 Raf8 19. Ne1 e4 20. Rd1 Ne5
21. Nb3 Bf2 22. Nd4 R5f6 23. Rh3 Bxe1 24. Rxe1 Rf2+ 25. Kb1 Nd3 26. Re2 c5 27. Rxf2 Rxf2 28. Ne6 Rxb2+ 29. Ka1 Rd2 30. Kb1 d4
31. Nf4 Rd1+ 32. Kc2 Rc1+ 33. Kb3 Nxf4 34. Kb2 Nd3+ 35. Kb3 Rxc3+ 36. Ka4 a6 37. Rh2 Ne5 38. Rc2 Rxc2 39. a3 Rc3 40. h5 Nc6
41. g4 b5#
0-1

[Event "Big Slow Tourney for Lazy or Busy People.  "]
[Site "SchemingMind.com"]
[Date "2019.08.01"]
[Round "-"]
[White "The Stonewall"]
[Black "Nouveau L"]
[Result "0-1"]
[WhiteCountry "ENG"]
[BlackCountry "FRA"]
[WhiteElo "2356"]
[WhiteRD "77"]
[BlackElo "2071"]
[BlackRD "86"]
[GameID "444090"]

1. e4 e5 2. Nc3 Nf6 3. Bc4 Bc5 4. f4 d6 5. Nf3 O-O 6. d3 a6 7. f5 b5 8. Bb3 Nbd7 9. Bg5 c6 10. Qe2 h6
11. Bh4 Qb6 12. O-O-O a5 13. a4 Ba6 14. Qe1 Rab8 15. h3 d5 16. Bxf6 Nxf6 17. exd5 cxd5 18. Qxe5 Rbe8 19. Qg3 Bf2 20. Qh2 Rc8
21. axb5 Bxb5 22. Nxb5 Qxb5 23. g4 Be3+ 24. Kb1 a4 25. Ba2 a3 26. Bb3 Ra8 27. Rde1 d4 28. Qc7 axb2 29. Kxb2 Rac8 30. Qd6 Rfd8
31. Qe5 Qb4
0-1

[Event "Big Slow Tourney for Lazy or Busy People.  "]
[Site "SchemingMind.com"]
[Date "2019.08.01"]
[Round "-"]
[White "Mihir Chandrashekhar"]
[Black "The Stonewall"]
[Result "0-1"]
[WhiteCountry "IND"]
[BlackCountry "ENG"]
[WhiteElo "1862"]
[WhiteRD "51"]
[BlackElo "2372"]
[BlackRD "74"]
[GameID "444091"]

1. d4 d5 2. Nf3 Nf6 3. g3 c6 4. Bg2 Bg4 5. O-O e6 6. c4 Nbd7 7. cxd5 exd5 8. Nc3 Bd6 9. h3 Bxf3 10. Bxf3 O-O
11. Bg5 h6 12. Bxf6 Nxf6 13. Qd2 Qd7 14. Kg2 Rfe8 15. Rfe1 Ne4 16. Bxe4 dxe4 17. e3 Qf5 18. Qe2 Rad8 19. Red1 Bb4 20. g4 Qg6
21. a3 Bxc3 22. bxc3 f5 23. Rg1 Rf8
0-1

[Event "Big Slow Tourney for Lazy or Busy People.  "]
[Site "SchemingMind.com"]
[Date "2019.08.01"]
[Round "-"]
[White "The Stonewall"]
[Black "Timaeus"]
[Result "1-0"]
[WhiteCountry "ENG"]
[BlackCountry "JPN"]
[WhiteElo "2356"]
[WhiteRD "77"]
[BlackElo "1315"]
[BlackRD "85"]
[GameID "444092"]

1. d4 d5 2. c4 e6 3. Nc3 Bb4 4. a3 Bxc3+ 5. bxc3 Nf6 6. f3 O-O 7. cxd5 exd5 8. e3 Nc6 9. Bd3 Be6 10. Ne2 a6
11. O-O b5 12. e4 dxe4 13. fxe4 Qd7 14. Bg5 Ng4 15. h3 Nh2 16. Kxh2 h6 17. Be3 Ne7 18. d5 Bxh3 19. gxh3 Qd6+ 20. Kh1 Ng6
21. Nd4 Ne5 22. Nf5 Qf6 23. Nxh6+ gxh6 24. Rxf6
1-0

[Event "Big Slow Tourney for Lazy or Busy People.  "]
[Site "SchemingMind.com"]
[Date "2019.07.31"]
[Round "-"]
[White "The Stonewall"]
[Black "krzysztof"]
[Result "1-0"]
[WhiteCountry "ENG"]
[BlackCountry "POL"]
[WhiteElo "2392"]
[WhiteRD "76"]
[BlackElo "1589"]
[BlackRD "72"]
[GameID "444093"]

1. e4 e5 2. Nc3 f5 3. exf5 Nf6 4. g4 h6 5. Nf3 d5 6. Nxe5 Nc6 7. Ng6 Rh7 8. d4 Ne4 9. Nxe4 dxe4 10. c3 Ne7
11. Bc4 Nd5 12. Qe2 Qd6 13. Qxe4+ Ne7 14. Bf4 Bxf5 15. gxf5 O-O-O 16. Bxd6 cxd6 17. Nxf8 Rh8 18. Qxe7 Rhxf8 19. Be6+ Kb8 20. O-O-O Rfe8
21. Qxg7 Rf8 22. Bd5 Rxf5 23. Qxb7#
1-0

[Event "Big Slow Tourney for Lazy or Busy People.  "]
[Site "SchemingMind.com"]
[Date "2019.07.31"]
[Round "-"]
[White "Raymond de Kemp"]
[Black "The Stonewall"]
[Result "0-1"]
[WhiteCountry "NED"]
[BlackCountry "ENG"]
[WhiteElo "1753"]
[WhiteRD "79"]
[BlackElo "2392"]
[BlackRD "76"]
[GameID "444094"]

1. d4 f5 2. Bg5 g6 3. e3 Bg7 4. Nd2 Nf6 5. h4 d6 6. Be2 Ng4 7. h5 h6 8. Bf4 g5 9. Bg3 Nc6 10. c3 e5
11. Nf1 exd4 12. cxd4 Qe7 13. Qb3 f4 14. Bh2 a5 15. Bxg4 Nxd4 16. Qd1 Bxg4 17. f3 Bxh5 18. Kf2 fxe3+ 19. Nxe3 O-O 20. g4 Rae8
21. Nd5 Qf7 22. Bg3 Qxd5 23. gxh5 Re2+
0-1

[Event "Big Slow Tourney for Lazy or Busy People.  "]
[Site "SchemingMind.com"]
[Date "2019.07.31"]
[Round "-"]
[White "splinter"]
[Black "The Stonewall"]
[Result "0-1"]
[WhiteCountry "CAN"]
[BlackCountry "ENG"]
[WhiteElo "1803"]
[WhiteRD "78"]
[BlackElo "2392"]
[BlackRD "76"]
[GameID "444095"]

1. c4 f5 2. Nc3 Nf6 3. g3 g6 4. Bg2 Bg7 5. Nf3 O-O 6. d4 d6 7. O-O c6 8. Re1 Na6 9. e4 Nxe4 10. Nxe4 fxe4
11. Rxe4 Bf5 12. Re3 e5 13. dxe5 dxe5 14. Qxd8 Raxd8 15. Re1 Nb4 16. Bg5 Rde8 17. Rad1 Nd3 18. Re2 e4 19. Nh4 Bg4 20. f3 exf3
21. Rxe8 f2+ 22. Kf1 Rxe8 23. Rxd3 Be2+ 24. Kxf2 Bxd3 25. b3 Bd4+ 26. Kf3 Be2+ 27. Kf4 Be3#
0-1

[Event "Big Slow Tourney for Lazy or Busy People.  "]
[Site "SchemingMind.com"]
[Date "2019.08.01"]
[Round "-"]
[White "The Stonewall"]
[Black "Paul Clarkson"]
[Result "1-0"]
[WhiteCountry "ENG"]
[BlackCountry "CAN"]
[WhiteElo "2356"]
[WhiteRD "77"]
[BlackElo "1844"]
[BlackRD "173"]
[GameID "444096"]

1. d4 Nf6 2. c4 g6 3. Nc3 Bg7 4. e4 d6 5. f4 O-O 6. Nf3 c5 7. d5 e6 8. dxe6 fxe6 9. Bd3 Nc6 10. O-O Nd4
11. Nxd4 cxd4 12. Nb5 e5 13. fxe5 dxe5 14. c5 b6 15. Qb3+ Kh8 16. Nd6 Qc7 17. Bg5 bxc5 18. Rxf6 Bxf6 19. Bxf6+ Rxf6 20. Ne8 Qd8
21. Nxf6 Qxf6 22. Qd5 Rb8 23. Rf1 Qg5 24. Qd6
1-0